<?xml version="1.0" encoding="UTF-8"?>
<record
    xmlns:xsi="http://www.w3.org/2001/XMLSchema-instance"
    xsi:schemaLocation="http://www.loc.gov/MARC21/slim http://www.loc.gov/standards/marcxml/schema/MARC21slim.xsd"
    xmlns="http://www.loc.gov/MARC21/slim">

  <leader>00526nam a22001817a 4500</leader>
  <controlfield tag="003">OSt</controlfield>
  <controlfield tag="005">20250227112009.0</controlfield>
  <controlfield tag="008">250227b        |||||||| |||| 00| 0 eng d</controlfield>
  <datafield tag="020" ind1=" " ind2=" ">
    <subfield code="a">9789966657558</subfield>
  </datafield>
  <datafield tag="040" ind1=" " ind2=" ">
    <subfield code="c">Chuka University Library</subfield>
  </datafield>
  <datafield tag="050" ind1=" " ind2=" ">
    <subfield code="a">DT 433.542</subfield>
    <subfield code="b">.M878 2021</subfield>
  </datafield>
  <datafield tag="100" ind1=" " ind2=" ">
    <subfield code="a">Mwaniki ,Kabeca .H.H</subfield>
    <subfield code="9">18516</subfield>
  </datafield>
  <datafield tag="245" ind1=" " ind2=" ">
    <subfield code="a">The living history of Embu and Mbeere to 1906</subfield>
  </datafield>
  <datafield tag="260" ind1=" " ind2=" ">
    <subfield code="a">Nairobi</subfield>
    <subfield code="b">K.L.B</subfield>
    <subfield code="c">2021</subfield>
  </datafield>
  <datafield tag="300" ind1=" " ind2=" ">
    <subfield code="a">183P.</subfield>
  </datafield>
  <datafield tag="650" ind1=" " ind2=" ">
    <subfield code="a">Embu (African people) 2.Mbeere (African people)</subfield>
    <subfield code="9">18517</subfield>
  </datafield>
  <datafield tag="942" ind1=" " ind2=" ">
    <subfield code="2">lcc</subfield>
    <subfield code="c">BK</subfield>
    <subfield code="n">0</subfield>
  </datafield>
  <datafield tag="952" ind1=" " ind2=" ">
    <subfield code="0">0</subfield>
    <subfield code="1">0</subfield>
    <subfield code="2">lcc</subfield>
    <subfield code="4">0</subfield>
    <subfield code="7">0</subfield>
    <subfield code="8">LGL</subfield>
    <subfield code="a">CHK</subfield>
    <subfield code="b">CHK</subfield>
    <subfield code="c">GEN</subfield>
    <subfield code="d">2025-02-27</subfield>
    <subfield code="l">0</subfield>
    <subfield code="o">DT 433.542.M878 2021</subfield>
    <subfield code="p">25001/2025</subfield>
    <subfield code="r">2025-02-27 11:21:09</subfield>
    <subfield code="t">1</subfield>
    <subfield code="w">2025-02-27</subfield>
    <subfield code="y">BK</subfield>
  </datafield>
  <datafield tag="999" ind1=" " ind2=" ">
    <subfield code="c">18694</subfield>
    <subfield code="d">18694</subfield>
  </datafield>
</record>
